|
|
|
|
| LEADER |
00000nab a2200000 a 4500 |
| 001 |
vtls000420657 |
| 003 |
SK-MaSNL |
| 005 |
20260303162623.0 |
| 008 |
230302c1991 xo 0 slo |
| 015 |
|
|
|a SNBRB19rr/mm-uuuuu
|
| 035 |
|
|
|a CL0420785
|
| 035 |
|
|
|a urn:nbn:sk:snk-abenxm
|
| 035 |
|
|
|a (urnnbn)urn:nbn:sk:snk:ar-000fft
|
| 035 |
|
|
|a (uuid)2b628f03-8035-46f8-aa5b-0bb3e684d4f3
|
| 040 |
|
|
|a SNKBUCL
|b slo
|c SNKBUCL
|e AACR2
|
| 041 |
0 |
|
|a slo
|
| 044 |
|
|
|a xo
|c SK
|
| 080 |
|
|
|a 885.4-3
|2 1981
|
| 100 |
1 |
|
|a Vášová, Alta,
|d 1939-
|4 aut
|9 6275
|
| 245 |
1 |
0 |
|a O hľadaní svetla
|c Alta Vášová
|
| 650 |
0 |
7 |
|a poviedky vedecko-fantastické
|2 snkbucl
|9 315525
|
| 655 |
|
7 |
|a články z novín a časopisov
|2 snkbucl
|9 267496
|
| 655 |
|
7 |
|a články z odboru literárna veda a krásna literatúra
|2 snkbucl
|9 770045
|
| 773 |
0 |
|
|t Slovenské pohľady
|g Roč. 107, č. 5 (1991), s. 10-19
|
| 850 |
|
|
|a Slovenská národná knižnica v Martine
|a MTA001
|
| 852 |
|
|
|a SNK
|b KIS3GCP
|
| 958 |
|
|
|a RK
|
| 958 |
|
|
|a LX
|
| 958 |
|
|
|a OND
|
| 958 |
|
|
|a EUIPO
|
| 958 |
|
|
|a article27
|
| 992 |
|
|
|a RBX
|
| 999 |
|
|
|c 2055949
|d 2057879
|